Самотормозящийся линейный асинхронный двигатель: диссертация на соискание ученой степени кандидата технических наук; Спец. 05.09.01

Podrobná bibliografie
Hlavní autor: Давыдов В. В. Владимир Валентинович
Korporativní autor: Новосибирский электротехнический институт
Další autoři: Веселовский О. Н. (научный руководитель)
Jazyk:ruština
Vydáno: Новосибирск, 1984
Témata:
Médium: MixedMaterials Kniha
KOHA link:https://koha.lib.tpu.ru/cgi-bin/koha/opac-detail.pl?biblionumber=61704

MARC

LEADER 00000nbm0a2200000 4500
001 61704
005 20231031062751.0
035 |a (RuTPU)RU\TPU\book\65298 
090 |a 61704 
100 |a 20040318d1984 k y0rusy50 ca 
101 0 |a rus 
102 |a RU 
105 |a a m 001zy 
200 1 |a Самотормозящийся линейный асинхронный двигатель  |e диссертация на соискание ученой степени кандидата технических наук  |e Спец. 05.09.01  |f В. В. Давыдов  |g Новосибирский электротехнический институт; науч. рук.: О. Н. Веселовский 
210 |a Новосибирск  |d 1984 
215 |a 293 л.  |c ил. 
320 |a Библиогр.: с. 212-231 (175 назв.) 
610 1 |a электрические машины 
610 1 |a асинхронные двигатели 
610 1 |a самотормозящие механизмы 
610 1 |a электромагнитные процессы 
610 1 |a замещение 
610 1 |a диссертации 
675 |a 621.313.333(048)  |v 3 
686 |a 05.09.01  |2 oksvnk 
700 1 |a Давыдов  |b В. В.  |g Владимир Валентинович 
702 1 |a Веселовский  |b О. Н.  |4 727 
712 0 2 |a Новосибирский электротехнический институт  |2 stltpush  |3 (RuTPU)RU\TPU\col\203 
801 1 |a RU  |b 63413507  |c 20040318  |g PSBO 
801 2 |a RU  |b 63413507  |c 20090417  |g PSBO 
942 |c BK